241224 - Quiz quotidien du 24 décembre 2024 - joyeuses fêtes - Statistiques

Statistiques générales
  • Ce quiz a été pris 56 fois
  • Le résultat moyen est 4 sur 10
Statistiques - réponses
Question Réponse % Correct
Quel est le premier jour du Carême, la période de 40 jours qui précède Pâques ? Mercredi des Cendres
67%
Quelle est la formule chimique du sel de table ? NaCl
67%
Quelle est la langue la plus couramment parlée à Madagascar ? Malgache
44%
Quel volcan des États-Unis a connu une éruption spectaculaire en 1980, tuant 57 personnes ? Mont St. Helens
44%
Lequel de ces pays d'Amérique du Sud possède des fjords ? Chili
33%
Quel pays était, en théorie, sous loi martiale pendant 6 heures en décembre ? Corée du Sud
33%
Quelle organisation a son siège à New Scotland Yard, à Londres ? Metropolitan Police Service
33%
Laquelle des villes suivantes n'a PAS été fondée par les Néerlandais ? Mogadiscio
33%
Quelle paire de mots pourrait correspondre approximativement au sens du mot "Antarctique" en grec ancien ? Opposé + ours
22%
Quel pays affirme posséder le plus ancien parlement du monde, fondé en 930 après J.-C. ? Islande
11%
Aucun quiz correspondant
Distribution des résultats
% des personnes avec chaque résultat
Percentile par nombre de réponses
Votre historique - résultats
Vous n’avez pas pris ce quiz